| 000 | 00515cam a2200193 4500 | ||
|---|---|---|---|
| 008 | 090401t1989 xxu||||| |||| 00| 0 eng d | ||
| 020 | _a0566027267 | ||
| 035 | _a(Sirsi) u25076 | ||
| 041 | _aeng | ||
| 050 | _a302.3 | ||
| 100 | _aHendon, Donald W. | ||
| 245 | _aHow to negotiate worldwide: a practical handbook | ||
| 260 |
_aAldershot _bGower Publishing Company Limited _c1989 |
||
| 300 | _ax, 270p. ; 22cm. index | ||
| 350 | _a0 | ||
| 700 | _aHendon, Rebecca Angeles | ||
| 942 | _n0 | ||
| 948 | _c04/03/1997 | ||
| 999 |
_c88672 _d88672 |
||